00666nam a2200241 a 4500001001300000003000900013005001700022008004100039020001000080082001600090100001900106245001500125260004200140300000900182500003500191505001700226650001600243700001900259902000800278942000700286952011600293999001500409nice12345678IN_TiNIC20260116011927.0050524s1959 alia grp 000 0 urd  ac10000a891.41bAZI aAziz, Lucknowi aAnjum Kada aAligarhbAnjuman Taraqqi-E-Urduc1959 a143p aincludes index and biblioraphy2 aBibliography aUrdu-Poetry1 aAziz, Lucknowi bSRS cBK 001040708StackRoom-aHMIbHMId2007-06-18g100.00l0o891.41 AZIp09463r2007-06-18v100.00w2005-05-24yBK c4933d4933